SEGNOSPECIALE: INSIDE MY EYES. LA CRISI DELLO SGUARDO NELL'IMMAGINE-CINEMA CONTEMPORANEO (Record n. 205364)
[ formato base ]
| 000 -LEADER | |
|---|---|
| fixed length control field | 01066nas a2200265Ia 4500 |
| 001 - CONTROL NUMBER | |
| control field | R035/H9990 |
| 003 - CONTROL NUMBER IDENTIFIER | |
| control field | IT-RoPAU |
| 008 - FIXED-LENGTH DATA ELEMENTS--GENERAL INFORMATION | |
| fixed length control field | 151124c99999999xx |||||||||||| ||und|| |
| 040 ## - CATALOGING SOURCE | |
| Original cataloging agency | IT-RoPAU |
| 040 ## - CATALOGING SOURCE | |
| Transcribing agency | IT-RoPAU |
| 041 ## - LANGUAGE CODE | |
| Language code of text/sound track or separate title | ITALIANO |
| 100 ## - MAIN ENTRY--PERSONAL NAME | |
| Personal name | Avondola Carlo |
| Miscellaneous information | Codice Aut. SPICS: 35015 |
| 210 ## - ABBREVIATED TITLE | |
| Abbreviated title | SEGNO CINEMA |
| 222 ## - KEY TITLE | |
| Key title | Segno Cinema |
| 245 ## - TITLE STATEMENT | |
| Title | SEGNOSPECIALE: INSIDE MY EYES. LA CRISI DELLO SGUARDO NELL'IMMAGINE-CINEMA CONTEMPORANEO |
| Remainder of title | Segnospeciale: Inside My Eyes. La Crisi Dello Sguardo Nell'Immagine-Cinema Contemporaneo |
| 250 ## - EDITION STATEMENT | |
| Edition statement | 1a ed. |
| 260 ## - PUBLICATION, DISTRIBUTION, ETC. (IMPRINT) | |
| Place of publication, distribution, etc. | VICENZA |
| Name of publisher, distributor, etc. | CINEFORUM |
| Date of publication, distribution, etc. | 2010 |
| 300 ## - PHYSICAL DESCRIPTION | |
| Extent | 23 p. [13-35] |
| 501 ## - WITH NOTE | |
| -- | Paulus - SPICS - Società San Paolo EM (non-commercial uses only) |
| -- | Copyright2015 |
| 500 ## - GENERAL NOTE | |
| General note | Spazio Ansioso (Filmografia Essenziale). Misteri della Guerra (Filmografiaessenziale). Terra Acqua Fuoco (Filmografia Essenziale). Trionfo della Morte (Filmografia Essenziale). |
| 650 ## - SUBJECT ADDED ENTRY--TOPICAL TERM | |
| Topical term or geographic name as entry element | CINEMA |
| Form subdivision | PUBBLICAZIONE PERIODICA |
| 700 ## - ADDED ENTRY--PERSONAL NAME | |
| Personal name | Garofalo Marcello |
| 700 ## - ADDED ENTRY--PERSONAL NAME | |
| Miscellaneous information | Codice Aut. SPICS: 27361 |
| 942 ## - ADDED ENTRY ELEMENTS (KOHA) | |
| Koha item type | RIVISTA |
| Withdrawn status | Lost status | Damaged status | Not for loan | Home library | Current library | Date acquired | Total Checkouts | Full call number | Date last seen | Price effective from | Koha item type | Public note |
|---|---|---|---|---|---|---|---|---|---|---|---|---|
| Buone Condizioni | Not For Loan | SPICS-MEDIATECA | SPICS-MEDIATECA | 25/11/2015 | R035/H9990 | 25/11/2015 | 25/11/2015 | RIVISTA | Progr. Ins: 36184 / Copia rara: NO / date import: 25.11.2015 / By Epidotti, Trombetti, Vaglietti |